000
00345nam a2200157Ia 4500
003
OSt
005
20240119142953.0
008
170524s9999 xx 000 0 und d
020
_a
8122426816
040
_c
IIMTU
100
_a
Singh U K
245
0
_a
Manufacturing Processes
260
_b
New Age New Delhi
260
_c
2009
942
_2
ddc
_c
02
999
_c
5485
_d
5485